Cenný príspevok k významnému výročiu

Bibliographic Details
Main Author: Mošner, Otakar (Author)
Format: Article
Language:Slovak
Subjects:

MARC

LEADER 00000nab a2200000 a 4500
001 vtls000006752
003 SK-MaSNL
005 20260303021253.0
008 111103c1978 xo 0 slo
015 |a SNBRB19rr/mm-uuuuu 
035 |a CL0016845 
040 |a SNKBUCL  |b slo  |c SNKBUCL  |e AACR2 
041 0 |a slo 
044 |a xo  |c SK 
080 |a 323(437)  |2 1981 
100 1 |a Mošner, Otakar  |4 aut  |9 279320 
245 1 0 |a Cenný príspevok k významnému výročiu  |c O. Mošner 
650 0 7 |a ČSSR  |2 snkbucl  |9 335647 
650 0 7 |a federácia  |2 snkbucl  |9 360822 
655 7 |a články z novín a časopisov  |2 snkbucl  |9 267496 
773 0 |t Pravda  |g Roč. 59, č. 210 (6. 9. 1978), s. 5 
787 0 8 |i Rec.:  |t Desať rokov československej federácie  |d Bratislava : Pravda, 1978 
850 |a Slovenská národná knižnica v Martine  |a MTA001 
852 |a SNK  |b KIS3GCP 
958 |a RK 
992 |a RBX 
999 |c 1622331  |d 1624261